| 000 | 01300cab a2200253 4500 | ||
|---|---|---|---|
| 001 | ABS56899 | ||
| 008 | 090401t1997 xxu||||| |||| 00| 0 eng d | ||
| 035 | _a(Sirsi) u77878 | ||
| 041 | _aeng | ||
| 245 | _aBristol and West Building Society v Mothew | ||
| 260 | _c1997 | ||
| 350 | _a0 | ||
| 490 |
_aWeekly Law Reports _v[1997] WLR 28 March 1997, 436-458(23) |
||
| 520 | _aCA 24 July 1996. M acted for a hausband and wife in the purchase of a house and also for B, to whom the purchasers had applied for a loan. B advanced the money on the condition that the balance of the purchase price was provided without resort to further borrowing. M knew purchasers arranging to secure a debt by a second charge on the property but failed to state it in his report to B. Purchasers defaulted and B sold house at a loss. B sought to recover loss from M, alleging breach of contract. M appealed, appeal allowed - B still had to establish what, if any loss was attributable to M`s negligence. | ||
| 650 | _aBREACH OF CONTRACT | ||
| 650 | _aBRISTOL AND WEST BUILDING SOCIETY V MOTHEW | ||
| 650 | _aMORTGAGE ARREARS | ||
| 650 | _aNEGLIGENCE | ||
| 650 | _aREPOSSESSION | ||
| 650 | _aSOLICITORS | ||
| 690 | _aMANAGEMENT-BUSINESS MANAGEMENT-PROFESSIONAL PRACTICE | ||
| 942 | _n0 | ||
| 948 | _c23/04/1997 | ||
| 999 |
_c48965 _d48965 |
||